000 00798nam a22002417a 4500
008 081212t xxu||||| |||| 00| 0beng d
010 _aENG-99762
020 _c90.00
035 _aEN-83294
037 _bDBAD / PUB
040 _adpl
_bEnglish
082 _a005.758
100 _93724
_aSekar, K.
245 _aWWW and search engine /
_cby K. Sekar
260 _aPerambalur
_bMercury Printers & Publishers
_c200?
270 _aPerambalur
_bPerambalur
_e621212
300 _a103p.
_c21cm (pbk)
600 _aBaba Visakha Singh
_xBiography.
_93725
650 _910381
700 _910254
942 _2ddc
_cEN
_mSEK
_h005.758
999 _c41209
_d41209